000 00322nam a2200145Ia 4500
100 _aGupta M.L
650 _aElectrical Engineering
942 _cBK
654 _aElectrical
245 _aElementary Electrical Engineering
260 _bNew Heights
_aNew Delhi
_c1993
300 _a622
546 _aHINDI
999 _c26162
_d26162